[Event "Lodi Weekend Wasken Boys 2nd"]
[Site "Lodi"]
[Date "2014.06.06"]
[Round "1"]
[White "Gorini, Alessandro"]
[Black "Daffra, Claudio"]
[Result "1-0"]
[WhiteElo "1629"]
[BlackElo "1422"]
[PlyCount "41"]
[EventDate "2014.06.06"]
[EventType "swiss"]
[EventRounds "5"]
[EventCountry "ITA"]
[SourceTitle "EXT 2024"]
[Source "ChessBase"]
[SourceDate "2023.10.10"]
[SourceVersion "1"]
[SourceVersionDate "2023.10.10"]
[SourceQuality "1"]

1. d4 d5 2. c4 c6 3. Nc3 Nf6 4. h3 e6 5. Nf3 Nbd7 6. Bg5 Qa5 7. c5 Ne4 8. Qc2 Nxg5 9. Nxg5 g6 10. e3 Bg7 11. f4 0-0 12. Bd3 Qc7 13. h4 b6 14. b4 bxc5 15. bxc5 a5 16. h5 Ba6 17. hxg6 Bxd3 18. gxf7+ Rxf7 19. Qxd3 h6 20. Qh7+ Kf8 21. Nxe6+ 1-0